000 00573nam a2200205Ia 4500
003 GCL
008 140319s9999 xx 000 0 eng d
020 _a1 85743 183 9
040 _aGCL /
_cGCL
082 0 4 _aREF
_b967.0329
_bE A
245 1 0 _aAFRICA SOUTH OF THE SAHARA 2004
250 _a33
260 _aانجلترا :
_bEUROPA PUBLICATIONS LIMITED ،
_c2004
300 _a32 CM ؛
_c1422 P
650 0 4 _aAFRICA, SUB SAHARAN
650 0 4 _aSOUTH AFRICA
650 0 4 _aSOUTH AFRICA - POLITICS AND GOVERNMENT
650 0 4 _aSOUTH AFRICA - HISTORY
942 _2ddc
_cREF
999 _c5877
_d5877